The media of mass communication. / (Record no. 9462)

MARC details
000 -LEADER
fixed length control field 00675nam a22002537a 4500
003 - CONTROL NUMBER IDENTIFIER
control field OSt
005 - DATE AND TIME OF LATEST TRANSACTION
control field 20230321163452.0
008 - FIXED-LENGTH DATA ELEMENTS--GENERAL INFORMATION
fixed length control field 190921b xxu||||| |||| 00| 0 eng d
010 ## - LIBRARY OF CONGRESS CONTROL NUMBER
LC control number 2010001491
020 ## - INTERNATIONAL STANDARD BOOK NUMBER
International Standard Book Number 0205477534
040 ## - CATALOGING SOURCE
Transcribing agency LC
050 ## - LIBRARY OF CONGRESS CALL NUMBER
Classification number P90.V53
082 ## - DEWEY DECIMAL CLASSIFICATION NUMBER
Edition number dc22
Classification number 302.23
100 ## - MAIN ENTRY--PERSONAL NAME
Personal name Vivian, John
9 (RLIN) 1077
245 ## - TITLE STATEMENT
Title The media of mass communication. /
Statement of responsibility, etc. John Vivian
250 ## - EDITION STATEMENT
Edition statement 8th ed.
260 ## - PUBLICATION, DISTRIBUTION, ETC.
Place of publication, distribution, etc. Boston:
Name of publisher, distributor, etc. Allyn & Bacon,
Date of publication, distribution, etc. 2007.
300 ## - PHYSICAL DESCRIPTION
Extent xxvii, 516 p .:
Other physical details ill. ;
500 ## - GENERAL NOTE
General note Includes index.
505 ## - FORMATTED CONTENTS NOTE
Formatted contents note Contents: 1. The Mass media: Mass media literacy --
650 ## - SUBJECT ADDED ENTRY--TOPICAL TERM
Topical term or geographic name entry element Mass media
9 (RLIN) 1078
655 ## - INDEX TERM--GENRE/FORM
Source of term Mass media
942 ## - ADDED ENTRY ELEMENTS (KOHA)
Source of classification or shelving scheme Library of Congress Classification
Koha item type Books
Holdings
Withdrawn status Lost status Source of classification or shelving scheme Damaged status Not for loan Home library Current library Shelving location Date acquired Total Checkouts Full call number Barcode Date last seen Price effective from Koha item type
    Library of Congress Classification     WISCONSIN INTERNATIONAL UNIVERSITY COLLEGE, GHANA KUMASI LIBRARY WISCONSIN INTERNATIONAL UNIVERSITY COLLEGE, GHANA KUMASI LIBRARY General Stacks 21/03/2023   P90.V53(8e) K/2986/0084/23 21/03/2023 21/03/2023 Books

If you have any concerns or questions; kindly contact the library


© Powered by WIUC ICT DIRECTORATE